00306nam a2200133Ia 45000030006000000080041000060400015000471000016000622450023000782500011001012600031001125460012001430050017001550STCL150530s9999 xx 000 0 und d aSTCLcSTCL aHardy, G.H. aOrders of infinity aSecond bCambridge universityc1924 aEnglish20220125165941.0